00711nam a2200217 a 450000100100000000500170001000800410002702000180006804000250008608200170011124500380012825000120016626000390017830000200021759000260023765000280026365000390029165000310033095201150036199900170047600004409520201002045138.0140515s2011 dr r 000 0 spa d a9789945068870 aDO-SdBNPbspacBNPHU a863.3bL431t00aLazarillo de Tormes /cAnónimo. a2a. ed. aSanto Domingo :bSantuario,c2011. a82 p. ;c22 cm. aInventariado, 2019/BT 4aNovela española91123 4aNovela picaresca española942269 4aLiteratura española9632 0010718PDaPDbPDcHDd2014-05-15iLF1l0o863.3 L431tp44095-10r2020-06-25w2020-06-25yLFPDZNo se presta c43584d43584